书目信息 |
| 题名: |
王子与贫儿
|
|
| 作者: | 马克·吐温 著 ;鲁萍 译 | |
| 分册: | ||
| 出版信息: | 北京 中译出版社 2017 |
|
| 页数: | 427页 | |
| 开本: | 23cm | |
| 丛书名: | 双语名著无障碍阅读丛书 | |
| 单 册: | ||
| 中图分类: | H319.4:I712.44 , H319.4 | |
| 科图分类: | ||
| 主题词: | 英语--汉语--对照读物 , 长篇小说--美国--近代 | |
| 电子资源: | ||
| ISBN: | 978-7-5001-5005-3 | |
| 000 | 00889oam2 2200277 450 | |
| 001 | 5620 | |
| 005 | 20180528213331.75 | |
| 010 | @a978-7-5001-5005-3@dCNY39.00 | |
| 100 | @a20170524d2017 em y0chiy50 ea | |
| 101 | 2 | @achi@aeng@ceng |
| 102 | @aCN@b110000 | |
| 105 | @aa z 000ay | |
| 200 | 1 | @a王子与贫儿@9wang zi yu pin er@dThe prince and the pauper@f(美)马克·吐温著@g鲁萍译@zeng |
| 210 | @a北京@c中译出版社@d2017 | |
| 215 | @a427页@c图@d23cm | |
| 225 | 1 | @a双语名著无障碍阅读丛书@e经典集锦 |
| 461 | 0 | @12001 @a双语名著无障碍阅读丛书 |
| 510 | 1 | @aPrince and the pauper@zeng |
| 606 | 0 | @a英语@x汉语@j对照读物 |
| 606 | 0 | @a长篇小说@y美国@z近代 |
| 690 | @aH319.4:I712.44@v5 | |
| 690 | @aH319.4@v4 | |
| 701 | 0 | @c(美)@a马克·吐温@9ma ke tu wen@c(Mark Twain@f1835-1910)@4著 |
| 702 | 0 | @a鲁萍@9lu ping@4译 |
| 801 | 0 | @aCN@b91MARC@c20170524 |
| 905 | @aMuseLib@dH319.4@e1964 | |
| 王子与贫儿=The prince and the pauper/(美)马克·吐温著/鲁萍译.-北京:中译出版社,2017 |
| 427页:图;23cm.-(双语名著无障碍阅读丛书:经典集锦) |
| ISBN 978-7-5001-5005-3:CNY39.00 |
| ● |
| 相关链接 |
|
|
|
|
正题名:王子与贫儿
索取号:H319.4/1964
 
预约/预借
| 序号 | 登录号 | 条形码 | 馆藏地/架位号 | 状态 | 备注 |
| 1 | 1114010 | 211140102 | 第二样本阅览室/ [索取号:H319.4/1964] | 在馆 | |
| 2 | 1114011 | 211140111 | 教育系资料室/ [索取号:H319.4/1964] | 在馆 | |
| 3 | 1114012 | 211140120 | 教育系资料室/ [索取号:H319.4/1964] | 在馆 | |
| 4 | 1114013 | 211140139 | 第四借阅区/ [索取号:H319.4/1964] | 在馆 |